[Event "Hastings 9798"]
[Site "Hastings"]
[Date "1998.01.04"]
[Round "6"]
[White "Rozentalis, Eduardas"]
[Black "Hebden, Mark"]
[Result "1-0"]
[WhiteElo "2645"]
[BlackElo "2575"]
[Annotator "Wedberg,T"]
[PlyCount "81"]
[EventDate "1997.12.29"]
[EventType "tourn"]
[EventRounds "9"]
[EventCountry "ENG"]
[EventCategory "13"]
[SourceTitle "CBM 063"]
[Source "ChessBase"]
[SourceDate "1998.03.26"]
[SourceVersion "1"]
[SourceVersionDate "1998.03.26"]
[SourceQuality "1"]

1. e4 e5 2. Nf3 Nc6 3. Bb5 a6 4. Bxc6 dxc6 5. O-O Bd6 6. d4 exd4 7. Qxd4 f6 8.
c4 c5 (8... b6 9. e5 fxe5 10. Nxe5 Ne7 11. Bg5 $36 {1-0 Mirkovic,S-Lukacs,P/
Belgrade 1984/MCL 04 (34)}) (8... Qe7 9. Nc3 Be6 10. b3 O-O-O (10... Rd8 11.
Qa7 Bg4 12. e5 fxe5 13. Qxb7 Nf6 14. c5 Bxc5 15. Qxc6+ Bd7 16. Qxc7 $16 {
1-0 Illescas Cordoba,M-Hebden,M/Montpellier 1988/EXT 88 (32)}) 11. Qa7 Bg4 12.
e5 (12. c5 $5) 12... fxe5 13. Na4 Bxf3 14. c5 Qe6 15. gxf3 Qg6+ 16. Kh1 Qh5 17.
cxd6 Qxf3+ 18. Kg1 Qg4+ {1/2-1/2 Romero Holmes,A-Chiburdanidze,M/Salamanca
1990/CBM 18}) 9. Qe3 (9. Qc3 Ne7 10. Be3 O-O 11. h3 Nc6 12. Qd2 Be6 13. b3 Qe8
14. Bf4 Rd8 15. Bxd6 {1/2-1/2 Kruszynski,W-Weglarz,L/POL-chT 1986/EXT 86ch}) (
9. Qd5 Ne7 10. Qh5+ g6 11. Qh4 O-O 12. Nc3 Qe8 13. Re1 g5 $36 {Illescas
Cordoba,M-Sokolov,I/Linares 1995/CBM 46/0-1 (50)}) 9... Ne7 10. Nc3 O-O 11. b3
Qe8 12. Ba3 b6 (12... Qh5 13. Rad1 Bg4 14. h3 Bxf3 15. Qxf3 {1/2-1/2 Piquemal,
C-Flear,C/FRA-chT 1993/TD 93\08 (22)} Qxf3 $11) 13. Rad1 Bb7 $146 (13... Qh5
14. Nd5 Ng6 15. Bb2 Be6 16. Rd3 Rae8 17. g3 Bh3 18. Re1 f5 19. Qg5 $13 {
1-0 Friberg,H-Schneider,L/SWE-ch 1976/MCD-ch (39)}) 14. Rfe1 Qh5 15. Ne2 Rae8
16. Ng3 Qg4 17. h3 Qe6 {Black has a very nice and well organised position.} 18.
Nh4 Nc6 $6 {Now Black loses his pair of B:s and his excellent coordination.} (
18... g5 $1 {With this move Black could have taken the initiative.} 19. Nhf5 (
19. Nf3 Bxg3 20. fxg3 Nf5 21. Qf2 Nd6 $15) 19... Nxf5 20. Nxf5 Bf4 21. Qe2 Qxe4
$17) 19. Nhf5 Nd4 (19... Be5 20. f4 Bd4 21. Nxd4 Nxd4 22. Qf2 $14) 20. Nxd6
cxd6 21. Qd2 $14 {><d6} b5 22. cxb5 Nxb5 23. Bb2 Rd8 24. Qa5 (24. Nh5 $14)
24... Rd7 25. Re3 Na7 26. Qe1 Nc6 27. Bc3 Ne7 28. Nh5 Qf7 29. Qe2 Re8 $2 (29...
Ng6 30. Qg4 Rfd8 31. Red3 d5 $11) 30. Qg4 $1 $16 Ng6 31. Bxf6 $1 Qe6 32. Qg5
gxf6 33. Nxf6+ Kg7 34. Nxd7 Qxd7 35. Qxc5 $18 Re6 36. Red3 Qf7 37. Rxd6 Re7 38.
Qc3+ Kh6 39. Qd2+ Kg7 40. Rd7 Ne5 41. Qg5+ 1-0

[Event "Linares zt"]
[Site "Linares"]
[Date "1995.??.??"]
[Round "10"]
[White "Godena, Michele"]
[Black "Hebden, Mark"]
[Result "1-0"]
[WhiteElo "2420"]
[BlackElo "2570"]
[Annotator "Wedberg,T"]
[PlyCount "41"]
[EventDate "1995.11.??"]
[EventType "swiss"]
[EventRounds "11"]
[EventCountry "ESP"]
[SourceTitle "CBM 051"]
[Source "ChessBase"]
[SourceDate "1996.04.01"]
[SourceVersion "1"]
[SourceVersionDate "1996.04.01"]
[SourceQuality "1"]

1. e4 e5 2. Nf3 Nc6 3. Bb5 a6 4. Bxc6 dxc6 5. O-O Qd6 6. Na3 b5 7. c3 c5 8. Nc2
Ne7 9. a4 (9. d4 cxd4 10. cxd4 exd4 11. Nfxd4 c5 12. Nb3 Qxd1 13. Rxd1 c4 14.
Na5 Ng6 $10 {Malisauskas,V-Huebner,R/Biel izt/1993}) 9... b4 (9... Bb7 10. axb5
axb5 11. Rxa8+ Bxa8 12. Qe2 c4 $10 {Kotronias,V-Ibragimov,I/Peristeri/1993})
10. Ne3 Nc6 11. cxb4 cxb4 12. b3 $1 Be6 13. Bb2 {[%cal Yb2e5,Yd2d4]} f6 14. Rc1
{[%cal Yc1c7]} O-O-O $6 {[%csl Rc6,Rc7,Rc8]} (14... Na5 $5) 15. Qc2 Kb7 16. d4
$1 $16 exd4 17. Bxd4 Na5 (17... Nxd4 18. Nxd4 Qxd4 19. Qxc7+ Ka8 20. Qc6+ Ka7
21. Qxe6 $18) 18. e5 Qd7 19. exf6 Bxb3 20. Qe4+ Kb8 21. fxg7 (21. fxg7 Bxg7 22.
Bxg7 Qxg7 23. Qxb4+ $18) 1-0

[Event "Pamplona 9596 6th"]
[Site "Pamplona"]
[Date "1996.??.??"]
[Round "?"]
[White "Magem Badals, Jordi"]
[Black "Izeta Txabarri, Felix"]
[Result "1-0"]
[WhiteElo "2560"]
[BlackElo "2495"]
[Annotator "Wedberg,T"]
[PlyCount "85"]
[EventDate "1995.12.??"]
[EventType "tourn"]
[EventRounds "9"]
[EventCountry "ESP"]
[EventCategory "13"]
[SourceTitle "CBM 052"]
[Source "ChessBase"]
[SourceDate "1996.06.01"]
[SourceVersion "1"]
[SourceVersionDate "1996.06.01"]
[SourceQuality "1"]

1. e4 e5 2. Nf3 Nc6 3. Bb5 a6 4. Bxc6 dxc6 5. O-O Ne7 6. Nxe5 Qd4 7. Qh5 g6 8.
Qg5 Bg7 9. Nd3 f5 10. e5 c5 11. b3 b6 (11... h6 12. Qe3 f4 13. Qxd4 cxd4 14.
Nxf4 Bxe5 15. d3 Kf7 16. Re1 Nc6 17. a3 Re8 18. Ne2 g5 19. Nd2 Kg6 $2 20. f4 $1
$16 {Ivanov,Vi-Belotelov,D/Moscow-ch/1994}) 12. Bb2 Qg4 $6 (12... Qd5 13. Nc3 (
13. Nf4 Qc6 14. Nh5 $4 gxh5 15. Qxg7 Rg8 $19) 13... Qc6 $13 {/\ Bb7, h6, 0-0-0}
) 13. Qe3 Nd5 14. Qe1 Nf4 (14... f4 15. f3 Qg5 16. Nc3 Nxc3 17. Bxc3 $16 {
Van Zyil Smit,K-Bersoult,F/Hastings Masters/1995}) 15. Nxf4 Qxf4 16. Qe3 Qxe3 (
16... Qg4 17. h3 Qh5 18. Nc3 Bb7 19. d4 $14) 17. dxe3 Bb7 18. Rd1 Ke7 19. f4 $1
{ץg7} g5 20. c4 Rhg8 21. g3 Bf3 22. Rd2 Rad8 23. Kf2 Be4 24. Ke1 g4 25. Nc3
Rxd2 26. Kxd2 Rd8+ 27. Ke1 Bf3 28. Rc1 h5 29. Rc2 h4 30. gxh4 Rh8 31. Nd5+ Kd8
$2 (31... Bxd5 32. cxd5 Rxh4 33. d6+ Kd8 $14) 32. Rd2 Rxh4 (32... Bxd5 $142)
33. Nxb6+ Ke8 34. Nd5 g3 35. Nxc7+ Ke7 36. hxg3 $1 Rh1+ 37. Kf2 Rh2+ 38. Kxf3
$1 Rxd2 39. Ba3 Kd7 40. Nxa6 Rxa2 41. Nxc5+ Kc6 42. Bb4 Rb2 43. Ne6 (43. Ne6
Rxb3 $4 44. Nd4+) 1-0

[Event "Enghien les Bains 2nd"]
[Site "Enghien les Bains"]
[Date "1997.03.21"]
[Round "8"]
[White "Nataf, Igor Alexandre"]
[Black "Anic, Darko"]
[Result "1/2-1/2"]
[WhiteElo "2410"]
[BlackElo "2470"]
[Annotator "Wedberg,T"]
[PlyCount "75"]
[EventDate "1997.03.14"]
[EventType "tourn"]
[EventRounds "9"]
[EventCountry "FRA"]
[EventCategory "10"]
[SourceTitle "CBM 058"]
[Source "ChessBase"]
[SourceDate "1997.06.01"]
[SourceVersion "1"]
[SourceVersionDate "1997.06.01"]
[SourceQuality "1"]

1. e4 e5 2. Nf3 Nc6 3. Bb5 a6 4. Bxc6 dxc6 5. O-O Bg4 6. h3 h5 {This is
probably one of Blacks safest ways to play against the exchange variation. The
downside is that if White knows the mainline Black has absolutely no winning
chances.} 7. d3 Qf6 8. Nbd2 Ne7 9. Re1 Ng6 10. d4 Bd6 11. hxg4 hxg4 12. Nh2
Rxh2 13. Qxg4 Qh4 14. Qxh4 Rxh4 15. Nf3 Rh5 16. Nxe5 Nxe5 17. dxe5 Bxe5 18. c3
{This is the starting point of many games.} g5 (18... O-O-O 19. Be3 g5 (19...
f6 20. g3 Rdh8 21. Kg2 Rh2+ 22. Kf3 b6 23. Rad1 R2h5 24. Bf4 Bxf4 25. Kxf4 $16
{House,G-Fox,A/Edinburgh op 1989/EXT 89op2/1-0 (61)}) (19... Bd6 20. Rad1 Rdh8
21. g3 Bc5 $6 22. Bxc5 Rxc5 23. Rd4 Rd8 24. Red1 Rxd4 25. Rxd4 $16 {Freire,
R-Forster,R/WchJM-U16 1991/EXT 91ch/1-0 (58)}) 20. Kf1 g4 21. Ke2 Rh2 22. Rg1
Re8 $13 {Barendregt,J-Zuidema,C/Amsterdam IBM 1965/MCL 08/0-1 (88)}) (18... f6
19. Be3 Kf7 20. Rad1 Bd6 21. f3 Bg3 22. Bf2 Rh1+ $1 23. Kxh1 Bxf2 24. g3 Bxe1
25. Rxe1 Rd8 $11 {1/2-1/2 Ivanov,V-Kozakov,M/Moscow op Russian Winter 1991/TD
91\03 (41)}) 19. g3 O-O-O 20. Be3 g4 21. Kg2 Rdh8 22. Rh1 Rxh1 23. Rxh1 Rxh1
24. Kxh1 $11 {Black has an easy draw here because Whites P:s are hemmed by
Blacks g4-P.} Kd7 25. Kg2 Ke6 26. Bf4 (26. f4 gxf3+ 27. Kxf3 $11) 26... Bd6 27.
Kf1 f5 28. exf5+ Kxf5 29. Be3 Ke4 30. Ke2 Be5 31. Kd2 Kf3 {Its a draw, but
with a K like that Black could almost hope for more.} 32. b4 b6 33. c4 b5 34.
c5 Bb2 35. Kc2 Bf6 36. Kd3 Be5 37. Kd2 Bb2 38. Kc2 1/2-1/2

[Event "Kottnauer Memorial"]
[Site "Prague"]
[Date "1996.??.??"]
[Round "3"]
[White "Andersson, Ulf"]
[Black "Smejkal, Jan"]
[Result "1-0"]
[WhiteElo "2630"]
[BlackElo "2510"]
[Annotator "Wedberg,T"]
[PlyCount "64"]
[EventDate "1996.06.??"]
[EventType "tourn"]
[EventRounds "10"]
[EventCountry "CSR"]
[EventCategory "12"]
[SourceTitle "CBM 054"]
[Source "ChessBase"]
[SourceDate "1996.10.01"]
[SourceVersion "1"]
[SourceVersionDate "1996.10.01"]
[SourceQuality "1"]

1. e4 e5 2. Nf3 Nc6 3. Bb5 a6 4. Bxc6 dxc6 5. O-O Qd6 6. d4 $6 {Hardly the
critical choice against 5. - Qd6.} exd4 7. Nxd4 (7. Qxd4 $6 Bg4 (7... Qxd4 8.
Nxd4 {A similar position, with Pf6 instead of Pf7, is considered to be
absolutely nothing for White. The added possibilities of Nf6 and/or g6, Bg7
makes this an even better version for Black.} Bd7 9. Be3 O-O-O 10. Nc3 Bb4 (
10... Ne7 11. Rad1 Re8 12. Rfe1 Ng6 13. a3 Ne5 14. h3 Nc4 15. Bc1 g6 16. f4 f6
17. Kf1 g5 $15 {0-1 Glauser,H-Shvidler,E/Zweisimmen (9) 1993 (41)}) 11. Nde2
Nf6 12. f3 Rde8 13. Bd4 h5 14. Rad1 h4 15. Nf4 Be7 16. Nd3 Be6 17. b3 b6 18.
Ne2 c5 19. Bb2 c4 $15 {Ungure,L-Tisdall,J/Cappelle op (01) 1993/0-1 (62)}) 8.
Be3 Bxf3 9. Qxd6 cxd6 10. gxf3 Ne7 11. Nc3 {1/2-1/2 Zaitshik,G-Yudasin,L/
Leningrad II 1989}) 7... Bd7 (7... c5 $6 8. Nb3 Qxd1 9. Rxd1 Nf6 10. Bf4 Be6
11. Nc3 Rc8 12. Rd2 b6 13. Rad1 Be7 14. e5 Nd7 15. Nd5 $14 {O'Donnell,
T-Hurelbaatar,C/Novi Sad olm (01) CAN-MON 1990/0-1 (86)}) (7... Qg6 8. Nc3 Bd7
(8... Bc5 9. Be3 Ne7 10. f4 $5) (8... Bg4 $6 9. f3 O-O-O 10. fxg4 c5 11. Qf3
cxd4 12. Nd5 $16) 9. Qf3 O-O-O 10. h3 Bb4 11. Bf4 Nf6 12. Nde2 Rhe8 13. e5 Bxc3
14. Nxc3 Nd5 15. Nxd5 cxd5 {1/2-1/2 Abramovic,B-Ivanovic,B/JUG-ch 1989}) 8. Na3
{N} (8. Be3 c5 (8... O-O-O 9. Nd2 Nh6 10. h3 Qg6 11. Qf3 f5 12. exf5 Nxf5 13.
Nxf5 Bxf5 $15 {0-1 Lindeman,S-Mainka,R/Gausdal Arnold Cup (7) 1991 (40)}) (8...
Nf6 9. f3 Qe5 10. Nc3 Bc5 11. Nce2 O-O-O 12. Qe1 h5 13. b4 Nd5 $1 $17 {0-1
Maljutin,E-Yurtaev,L/URS-ch58 (03) 1991 (42)}) 9. Ne2 Qxd1 10. Rxd1 O-O-O 11.
Nbc3 f5 (11... Re8 12. f3 f5 13. Kf2 Nf6 14. exf5 Bxf5 15. Rd2 Bd7 16. Re1 b6
17. Ng3 g6 18. Bg5 Bg7 19. Rde2 $10 {Nielsen,PH-Hector,J/Valby K41 (1) 1991/1/
2-1/2 (78)}) 12. Ng3 fxe4 13. Ngxe4 b6 14. Rd2 Be7 15. Nd5 Bc6 16. Rad1 Bxd5
17. Rxd5 Rxd5 18. Rxd5 Nf6 19. Nxf6 Bxf6 20. b3 Re8 21. Kf1 c4 22. Ke2 {
1/2-1/2 Waitzkin,J-Frias,V/New York MCC (03) 1993}) (8. Nc3 O-O-O 9. Be3 Qg6
10. Qe2 Nh6 11. f3 Bd6 12. Nb3 Qh5 13. f4 Qxe2 14. Nxe2 Rhe8 $36 {0-1
Masternak,G-Sorokin,M/Cheliabinsk 1991 (34)}) (8. c3 O-O-O 9. Qf3 Qg6 10. Re1
h5 11. h3 Nh6 12. Bf4 h4 13. Nd2 f6 14. Nc4 c5 {[#]} 15. Bxc7 b5 16. Bxd8 bxc4
17. Ba5 Bd6 18. Nf5 Bxf5 19. exf5 Qf7 20. Qa8+ Bb8 21. Re6 Qa7 22. Qc6+ Bc7 23.
Re7 {1-0 Kviriashvili,J-Lobjanidze,N/Erevan op (11) ;EXP 52 1996}) 8... c5 (
8... O-O-O $1 9. Nc4 (9. c3 Qg6 $36) 9... Qf6 $36) 9. Nf5 Qxd1 10. Rxd1 O-O-O
11. Nc4 Re8 12. f3 g6 (12... Bxf5 13. exf5 b5 14. Na5 (14. Ne3 c4 $13) 14... c4
15. a4 Bc5+ 16. Kf1 Ne7 17. g4 h5 $132) 13. Nfe3 Bg7 $2 (13... Ne7 14. Ne5 Be6
15. Nd5 Bg7 16. Bf4 Nxd5 17. exd5 Bf5 18. Nxf7 Rhf8 $132) 14. Nd5 $16 {[%cal
Rd5b6,Rc1f4]} Nf6 (14... Ne7 $2 15. Ndb6+ $1) 15. Nxc7 $1 Kxc7 16. Bf4+ Kd8 (
16... Kc6 17. Rd6+ Kb5 18. Bd2 Kxc4 19. b3+ Kb5 20. a4#) 17. Nd6 Re7 18. Nxb7+
Kc8 19. Nxc5 Rd8 20. Nxa6 Nxe4 $5 {The best practical chance.} 21. fxe4 Rxe4
22. Bg3 $6 (22. Bg5 $5 Rde8 (22... f6 23. Nc5 Rc4 24. Be3 Rxc2 25. Rac1 $18)
23. Rxd7 Kxd7 24. Nc5+ Kc6 25. Nxe4 Rxe4 26. c3 Re2 27. Rb1 $16 {Black is very
active, but two extra P:s gives White many possibilities to return some
material at the right moment.}) 22... Ra4 $2 $138 (22... Bxb2 $1 {Splitting
the white Q-side P:s is very important.} 23. Rab1 Bb5 24. Rxd8+ Kxd8 25. Rxb2
Bxa6 $14 {Black has excellent drawing chances.}) 23. Nc5 Bd4+ 24. Bf2 Bxf2+ 25.
Kxf2 Rc4 26. Nxd7 Rxc2+ 27. Ke3 $1 Rxd7 28. Rxd7 Kxd7 29. Rd1+ Kc6 30. Rd2 $18
Rc1 31. Rf2 f5 32. Kf4 Rc4+ $138 1-0

[Event "Pamplona 9596 6th"]
[Site "Pamplona"]
[Date "1996.??.??"]
[Round "?"]
[White "Magem Badals, Jordi"]
[Black "Slobodjan, Roman"]
[Result "1-0"]
[WhiteElo "2560"]
[BlackElo "2500"]
[Annotator "Wedberg,T"]
[PlyCount "89"]
[EventDate "1995.12.??"]
[EventType "tourn"]
[EventRounds "9"]
[EventCountry "ESP"]
[EventCategory "13"]
[SourceTitle "CBM 052"]
[Source "ChessBase"]
[SourceDate "1996.06.01"]
[SourceVersion "1"]
[SourceVersionDate "1996.06.01"]
[SourceQuality "1"]

1. e4 e5 2. Nf3 Nc6 3. Bb5 a6 4. Bxc6 dxc6 5. O-O Qd6 6. Na3 Be6 7. Qe2 f6 8.
Nc4 Qd7 9. Rd1 {N} (9. a4 c5 10. b3 Ne7 11. Ba3 Nc6 12. d3 Be7 13. Ne3 O-O-O
14. a5 g5 $36 {Khmelnitsky,I-Ivanov,AV/USA-ch Modesto/1995 (32)}) (9. c3 O-O-O
10. d4 exd4 11. Nxd4 Bf7 12. Be3 c5 13. Nf3 Qb5 14. b3 Bxc4 15. bxc4 Qc6 16. e5
Re8 $10 {Glek,I-Leko,P/Copenhagen/1995}) 9... c5 10. c3 Qf7 $6 (10... O-O-O 11.
d4 cxd4 12. cxd4 exd4 13. Rxd4 Qb5 $13) 11. b3 Bxc4 12. bxc4 Bd6 13. d4 $14 b6
(13... Ne7 $142) 14. dxe5 fxe5 15. Ng5 Qe7 16. f4 $1 Nf6 (16... exf4 17. e5
Bxe5 18. Qe4 Rb8 19. Qc6+ Kf8 20. Ne6+ Kf7 21. Rd7 {+-}) 17. f5 O-O-O 18. Ne6
Rdg8 19. Bg5 g6 20. Rab1 gxf5 (20... h6 21. Bxf6 Qxf6 22. Rxd6 cxd6 23. Rxb6
gxf5 24. Qb2 Qh4 25. Rc6+ Kd7 26. Nxc5+ Kxc6 27. Qb7+ Kxc5 28. Qc7#) 21. exf5
Rxg5 $8 (21... h6 22. Bxf6 Qxf6 23. Qe4 Kb8 (23... Kd7 24. Rxb6 cxb6 25. Qb7+
Ke8 26. Rxd6) 24. Rxd6 $1) 22. Nxg5 e4 23. Rxd6 $5 (23. Ne6 $16) 23... cxd6 24.
Rxb6 Nd7 25. Rb1 Qxg5 26. Qxe4 d5 27. cxd5 $16 Kc7 28. d6+ Kxd6 29. Qe6+ Kc7
30. Rd1 Qd8 31. f6 Rf8 32. f7 a5 33. Qd6+ Kc8 34. Qa6+ Kc7 35. Qd6+ Kc8 36.
Qa6+ Kc7 37. Qxa5+ Kc8 38. Qa6+ Kc7 39. Qa5+ Kc8 40. Qa6+ Kc7 41. Qe6 Kc8 42.
Rd6 Kc7 43. Qd5 Qe7 44. Qc6+ Kb8 45. Qb5+ 1-0

[Event "Malmo"]
[Site "Malmo"]
[Date "1994.??.??"]
[Round "3"]
[White "Brynell, Stellan"]
[Black "Almasi, Zoltan"]
[Result "0-1"]
[WhiteElo "2485"]
[BlackElo "2610"]
[Annotator "Wedberg,T"]
[PlyCount "46"]
[EventDate "1994.06.??"]
[EventType "tourn"]
[EventRounds "9"]
[EventCountry "SWE"]
[EventCategory "12"]
[SourceTitle "CBM 042"]
[Source "ChessBase"]
[SourceDate "1994.10.01"]
[SourceVersion "1"]
[SourceVersionDate "1994.10.01"]
[SourceQuality "1"]

1. e4 {Krasenkov} e5 2. Nf3 Nc6 3. Bb5 a6 4. Bxc6 dxc6 5. O-O Qd6 6. Na3 Be6 7.
Qe2 (7. Ng5) 7... f6 8. Rd1 O-O-O (8... Bg4) (8... g5 $6) (8... g5 {Krasenkov})
(8... Bg4 {Krasenkov}) 9. d4 Bg4 10. Be3 (10. d5 cxd5 11. Rxd5 Qc6 12. Rxd8+
Kxd8 13. b3 Kc8 {=/+/Dobosz-Smejkal/Trencianske Teplice/1979}) (10. c3 $1 Qe6
11. Nc2 $14) 10... Qe6 11. Nc4 (11. dxe5 Rxd1+ 12. Rxd1 Bxa3 13. bxa3 fxe5 $15)
11... exd4 $1 $132 {><e4} 12. Bxd4 (12. Rxd4 $142 {Krasenkov} Re8 13. Ncd2 $10)
12... Ne7 13. Be3 $6 (13. Bc3 {/\ Qe3} Rxd1+ $1 (13... Re8 14. Qe3 Kb8 15. Na5
Bxf3 (15... Ng6 $2 16. Nd4 Qxe4 17. Ndxc6+ bxc6 18. Rd8+ $18) 16. Qxf3 Nc8 17.
Re1 Bd6 18. Nb3 $14) (13... Nd5 14. Qd3 $1 Bxf3 15. gxf3 Qh3 16. Kh1 b5 17.
exd5 bxc4 18. Qe4 Bd6 19. Qe6+ Qxe6 20. dxe6 $14) 14. Rxd1 Bxf3 15. gxf3 Nf5
$13) 13... Re8 (13... Rxd1+ {Krasenkov} 14. Rxd1 Qxe4 $4 15. Nb6+ $1 cxb6 (
15... Kb8 16. Rd8+ Nc8 17. Nxc8) 16. Bxb6 $18) 14. Ncd2 f5 $36 15. Re1 (15. Qd3
$5 {Krasenkov}) 15... Ng6 (15... fxe4 $2 16. Ng5 Qf5 17. Qc4 Nd5 18. Ngxe4 $14)
16. exf5 (16. Bd4 {Krasenkov} Nh4 17. Qe3 Nxf3+ 18. gxf3 Bh5 $15) 16... Qxf5
17. Qc4 (17. Nd4 $5 {Krasenkov}) 17... Bd6 18. Nd4 (18. h3 Bxf3 19. Nxf3 Ne5
20. Nd4 $13 Qf6 21. Qc3 g5 $40) (18. Bd4 $5 {Krasenkov} Bxf3 19. Nxf3 Nf4 20.
Rxe8+ Rxe8 21. Re1) 18... Qh5 19. Nf1 $2 (19. g3 c5 20. N4b3 Ne5 21. Qf1 Nf3+
22. Nxf3 Bxf3 $17) (19. h3 {Krasenkov} Bxh3 (19... Bd7 $36) 20. gxh3 Qxh3 21.
N4f3 Rhf8 $40 (21... Ne5 22. Nxe5 Bxe5 23. Bf4 $13)) 19... c5 $19 20. Nb3 (20.
Ne2 Ne5 $19) 20... Ne5 21. Qc3 Nf3+ $1 22. gxf3 Bxf3 23. Nbd2 Bxh2+ $1 (23...
Bxh2+ 24. Nxh2 Qg6+ 25. Kf1 Qg2#) 0-1

[Event "Munich SKA"]
[Site "Munich"]
[Date "1994.05.23"]
[Round "3"]
[White "Benjamin, Joel"]
[Black "Huebner, Robert"]
[Result "0-1"]
[WhiteElo "2620"]
[BlackElo "2610"]
[Annotator "Wedberg,T"]
[PlyCount "146"]
[EventDate "1994.05.21"]
[EventType "tourn"]
[EventRounds "11"]
[EventCountry "GER"]
[EventCategory "16"]
[SourceTitle "CBM 042"]
[Source "ChessBase"]
[SourceDate "1994.10.01"]
[SourceVersion "1"]
[SourceVersionDate "1994.10.01"]
[SourceQuality "1"]

{CBM 43} 1. e4 {Huebner} e5 2. Nf3 Nc6 3. Bb5 a6 4. Bxc6 dxc6 5. O-O Qd6 6. Na3
Be6 7. Qe2 Ne7 {N} (7... f6 {Brynell-Almasi/Malmo/1994/0-1/23}) 8. Nc4 Bxc4 9.
Qxc4 c5 10. Ng5 (10. d3 f6 11. Be3 Nc6 12. Nh4 $14 {/\ Nf5, f4}) 10... Qf6 11.
d3 (11. d4 $5 cxd4 (11... exd4 $2 12. e5 Qf5 13. e6 fxe6 14. Nxe6 $16) 12. f4 (
12. Qxc7 Qc6 13. Qxe5 f6 14. Qxd4 fxg5 15. Bxg5 $13) 12... Nc6 13. fxe5 Nxe5
14. Qxc7 Qe7 15. Qb6 $36) 11... h6 12. Nh3 Nc6 13. Be3 Qd6 $2 {Huebner} (13...
Qe6 $142 {Huebner} 14. Qxe6+ fxe6 $14) 14. f4 f6 $6 {Huebner} (14... Be7 $2 {
Huebner:Der ursprünglich geplante Zug.} 15. Qxf7+ Kxf7 16. fxe5+ $18) (14...
Qe6 $142 {Huebner} 15. Qxe6+ fxe6 16. f5 (16. fxe5 Nxe5 (16... g5 17. Rf6 (17.
b3 Nxe5 18. d4 Nd7 19. Rad1 cxd4 20. Bxd4 Bc5 {Schwarz wird sich halten können.
}) 17... Bg7 18. Rxe6+ Kf7 19. Rxc6 bxc6 20. Bxc5 Bxe5 21. c3 (21. d4 Bd6 $10)
21... Rab8 22. Rf1+ Ke6 23. Rf2 g4 24. Nf4+ Bxf4 25. Rxf4 Rxb2 {Dies ist
unbefriedigen für Weiß.}) 17. Nf4 Kd7 18. Rad1 {Die Lage des Schwarzen ist
unbequem. Huebner}) 16... Kf7 (16... Kd7 17. f6 {Dies ist unangenehm.}) 17. Nf2
Bd6 18. Ng4 $36 {/\19.f6} h5 (18... Nd4 19. c3 Nc2 20. Rac1 Nxe3 21. Nxe3) 19.
Nf2 $16 {Hiernach wird sich die Schwächung des Feldes g5 als unangenehm
erweisen.}) 15. Rad1 (15. fxe5 Nxe5 16. Qc3 O-O-O 17. Bf4 Re8 (17... Qd4+ 18.
Qxd4 cxd4 19. Bxe5 fxe5 20. Rf7 $14) 18. Bxe5 Rxe5 19. Nf4 Rg5 $1 $10) 15...
O-O-O 16. c3 $10 {>< d3} (16. f5 $142 $16 {Huebner: mit erheblichem
positionellem Vorteil.}) (16. fxe5 Nxe5 17. Qc3 Ng4 $1 18. Bf4 Qd4+ 19. Qxd4
cxd4 $10) 16... exf4 17. Bxf4 Ne5 18. Qa4 (18. Bxe5 fxe5 $13 {פh3, ><d3})
18... Qc6 19. Qxc6 Nxc6 20. Be3 Bd6 21. Nf2 (21. Nf4 $5) 21... Rhe8 22. Rfe1
Rd7 23. g3 Ne5 24. Kg2 h5 25. Bf4 Nf7 26. Nh3 Red8 27. Nf2 Be7 28. b3 $6 {><c3}
b6 29. Re2 Bd6 30. Red2 Be5 31. Rc2 Kb7 32. Be3 g6 33. a4 a5 34. Rdd2 f5 $36
35. exf5 gxf5 36. Re2 Rg8 37. Kf3 h4 38. gxh4 Bxh2 39. Bf4 Bxf4 40. Kxf4 Rh8
41. Kxf5 Rxh4 $17 {עf5,><b3,><c3,><d3} 42. Rcd2 Nd8 43. Ng4 Rf7+ 44. Kg5 Rh1
45. Kg6 Rg1 46. Rg2 Rff1 47. Nf6 Nc6 48. Rxg1 Rxg1+ 49. Kf5 Rb1 50. Nd5 Rxb3
51. Rh2 Nb8 52. Rh7 Na6 53. Ke6 Ra3 54. Nxc7 Nxc7+ 55. Kd6 Rxa4 56. Rxc7+ Ka6
57. c4 Ra1 58. Kc6 Rh1 59. Rc8 Rh6+ 60. Kc7 Rh7+ 61. Kc6 a4 62. Ra8+ Ra7 63.
Rh8 (63. Rb8 Ka5 64. Rxb6 Ra6 $19) 63... Ka5 64. d4 cxd4 65. Rh5+ Kb4 66. Kxb6
Ra8 67. Kb7 Rd8 68. Kc7 Rg8 69. c5 a3 70. c6 a2 71. Rh1 Ra8 72. Ra1 Kb3 73. Kb7
Ra4 0-1

[Event "Amsterdam Euwe Memorial"]
[Site "Amsterdam"]
[Date "1994.05.17"]
[Round "5"]
[White "Ivanchuk, Vassily"]
[Black "Short, Nigel D"]
[Result "1-0"]
[WhiteElo "2710"]
[BlackElo "2655"]
[Annotator "Wedberg,T"]
[PlyCount "95"]
[EventDate "1994.05.12"]
[EventType "tourn"]
[EventRounds "6"]
[EventCountry "NED"]
[EventCategory "18"]
[SourceTitle "CBM 041"]
[Source "ChessBase"]
[SourceDate "1994.08.01"]
[SourceVersion "1"]
[SourceVersionDate "1994.08.01"]
[SourceQuality "1"]

1. e4 {Ftacnik} e5 2. Nf3 Nc6 3. Bb5 a6 4. Bxc6 dxc6 5. O-O Qd6 6. Na3 Be6 (
6... b5 7. c3 c5 8. Nc2 Ne7 9. d4 cxd4 10. cxd4 exd4 11. Nfxd4 c5 12. Nb3 Qxd1
13. Rxd1 $13 {Malishauskas-Huebner/Biel izt/1993/1/4-1/4/38}) 7. Ng5 (7. Qe2 f6
8. Rd1 Bg4 9. c3 Qe6 10. Nc2 Bd6 (10... Ne7 {Brynell-Romanishin/Malmö/1993/1/
4-1/4/32}) 11. Ne3 Bxf3 12. Qxf3 Ne7 13. Qg4 Qf7 14. d4 O-O $10 {
Rozentalis-Romanishin/Bonn/1994/1/4-1/4/43}) 7... Ne7 (7... h6 8. Nxe6 Qxe6 9.
d3 Bxa3 10. bxa3 Ne7 $10 {Smejkal-Romanishin/Erevan/1976}) (7... Bd7 8. d3 (8.
Nc4 {Ftacnik} Qg6 9. d4 f6 10. f4 $13 {Rausis-Herbrechtsmeier/1992/}) 8... f6
9. Nc4 Qe7 10. Nf3 Qf7 11. Be3 Be6 12. Nfd2 Ne7 13. f4 exf4 14. Bxf4 Ng6 $13 {
Christiansen-Pinter/Manila ol/1992}) 8. d3 Ng6 9. Nxe6 Qxe6 10. Nc4 Bc5 11. Be3
Bxe3 12. Nxe3 O-O 13. a4 Rad8 $6 (13... a5 $10 {/\b6}) 14. a5 $14 {><b7} Rd7
15. Ra3 f6 16. g3 Ne7 17. Qe1 Rb8 18. Qc3 Kh8 19. Qc5 $1 Nc8 20. f4 Nd6 21.
fxe5 Qxe5 22. Qxe5 fxe5 23. Raa1 Kg8 24. Kg2 Rf7 25. h4 Re8 $6 (25... h5 $14 {
Ftacnik}) 26. g4 Nb5 27. Rxf7 Kxf7 28. Rf1+ Ke6 29. Nf5 Rg8 30. g5 c5 31. c3
Na7 (31... g6 $2 {Ftacnik} 32. Nh6 Rd8 33. Rf6+ Ke7 34. Rf7+ $16) 32. Ne3 Nc8 {
?Short} (32... Nc6 33. Nd5 (33. Nc4 {Ftacnik} Rd8 34. Rf3 $16) 33... Rc8 34. h5
$1 Nxa5 35. h6 gxh6 36. Rf6+ Kd7 37. Rxh6 $18) 33. h5 (33. Nd5 c6) 33... Ne7
34. Nd5 $1 Nxd5 (34... c6 35. Nxe7 Kxe7 36. g6 hxg6 37. hxg6 Rf8 38. Rxf8 Kxf8
39. Kf3 Ke7 40. Kg4 Kf6 41. Kh5 Ke7 42. Kg5 Ke6 43. b3 Ke7 44. Kf5 Kd6 45. c4
$18) (34... Rc8 {Ftacnik} 35. h6 $5) 35. exd5+ Kxd5 36. Rf7 b6 (36... Kd6 37.
Kf3 b6 38. axb6 cxb6 39. Ke4 $18 (39. Ra7 {Ftacnik} a5 40. Ke4 $16)) 37. Rxc7
bxa5 38. Kf3 Rf8+ 39. Ke3 h6 40. Rxg7 hxg5 41. Rxg5 Rf4 42. c4+ Kc6 43. Rg6+
Kb7 44. b3 Rh4 45. h6 e4 46. dxe4 Rh3+ 47. Kf4 Rxb3 48. Rg3 (48. Rg3 {Ftacnik}
Rb1 49. Rh3 Rf1+ 50. Ke5 Rf8 51. h7 Rh8 52. Kf6 $18) 1-0